000 00715nam a2200217Ia 4500
003 GCL
008 140319s9999 xx 000 0 ara d
040 _aGCL /
_cGCL
082 0 4 _a701.18
_bك ر
100 1 _aكاندنسكى, فاسيلى
245 1 0 _aالروحانية فى الفن /
_cكاندنسكى, فاسيلى
700 1 _aفهمى بدوى (تعريب)
700 1 _aموسى سعد الدين
700 1 _aمحمود بقشيش (تقديم)
490 _aدراسات فى نقد الفنون الجميلة
_v0
650 0 4 _aالفنون الجميلة
650 0 4 _aالرسم
650 0 4 _aالفنون التجريدية
650 0 4 _aاللوحات المجرده
942 _2ddc
_cBK
999 _c37692
_d37692